000 00289nam a2200121Ia 4500
008 191201s2007 xx 000 0 und d
100 _aPAVIA, Donald
245 0 _aIntroduction to Spectroscopy
260 _aN. Delhi
_bThomson
_c2007
300 _a579
650 _aApplied
942 _2ddc
_cBK
999 _c6628
_d6628